000 00305nam a22001337a 4500
008 171127b xxu||||| |||| 00| 0 eng d
020 _a9781895565577
041 _aeng
080 _a070
100 _a30
101 _aEDU
245 _aSECRETS OF POWER PRESENTATIONS
_cPETER..U.B
942 _2udc
_cBK
999 _c38555
_d38555